000
00262nam a22001217a 4500
008
190205b xxu||||| |||| 00| 0 eng d
041
_a
eng
080
_2
4th
_a
530
100
_a
43
101
_a
FIZ
245
_a
basic science
_c
Verwiebe,F.L
942
_2
udc
_c
BK
999
_c
54017
_d
54017